| 000 | 00664nam a22001697a 4500 | ||
|---|---|---|---|
| 003 | OSt | ||
| 005 | 20171010095447.0 | ||
| 008 | 120620t xxu||||| |||| 00| 0 eng d | ||
| 040 |
_aMMSU _cULS |
||
| 100 |
_aBagaoisan, Melody A., et al. _910537 |
||
| 245 |
_aDesign, fabrication and performance evaluation of uninterruptible power supply for household and office applications _cMelody A. Bagaoisan, et al. |
||
| 260 | _c2007 | ||
| 300 |
_axiv, 150 leaves _c28 cm. |
||
| 500 | _aThesis (BS Electronics & Communications Engineering) -- Mariano Marcos State University-College of Engineering, Batac City | ||
| 504 | _aBibliography: leaf 60 | ||
| 942 |
_2ddc _cTHEDIS |
||
| 999 |
_c9576 _d9576 |
||